| 000 | 02132nam a22002417a 4500 | ||
|---|---|---|---|
| 001 | 9145 | ||
| 003 | FISKH | ||
| 005 | 20251125151249.0 | ||
| 008 | 251125b cb ||||| |||| 00| 0 eng d | ||
| 020 | _a2007050012975 | ||
| 040 |
_aFISKH _bkhr _cFISKH _dFISKH |
||
| 082 | _a839.833 | ||
| 100 | _aParrot, Stephen | ||
| 245 |
_aពពកដ៏អស្ចារ្យនៅលើភ្នំបូកគោ : _bTouching the clouds : A Bokor Story / _cStory by Stephen Parrot |
||
| 260 |
_aPhnom Penh : _bSave Cambodia's Wildlife , _c2004. |
||
| 300 |
_a36 pages : _bcolor illustrations ; _c21 X 30 cm . |
||
| 520 | _aសៀវភៅនេះគឺជាស្នាដៃទី ៨របស់អង្កការសង្គ្រោះសត្វព្រៃ ដែលបង្កើតឡើងក្នុងគោលបំនងអោយប្អូនៗក៏ដូចជាមិត្តអ្នកអានទាំងអស់ចូលរួមក្នុងការការពារ អភិរក្ស ព្រៃឈើនិងសត្វព្រៃ ដែលជាសម្បត្តិធម្មជាតិដ៏ថ្លៃថ្លារបស់ប្រទេសយើង ។ ជាពិសេសការជួយថែរក្សាបរិស្ថាននៅជុំវិញភ្នំបូកគោ ព្រោះសព្វថ្ងៃនេះព្រៃឈើនិងសត្វព្រៃកំពុងតែបាត់បង់បន្តិចម្តងៗទៅហើយ ។ | ||
| 520 | _aThis book is the eighth publication of the “Save Cambodia’s Wildlife” organization. It was created with the goal of encouraging children as well as all readers to take part in protecting and conserving forests and wildlife, which are our nation’s precious natural resources. In particular, it aims to promote the preservation of the environment around Bokor Mountain, because today our forests and wildlife are gradually disappearing. | ||
| 700 |
_aBondol _eIllustrator |
||
| 700 |
_aVutha , Tor _eIllustrator |
||
| 942 |
_2ddc _cKHB _n0 |
||
| 999 |
_c9145 _d9145 |
||